[Event "Chesterfield SPICE Cup op"]
[Site "Chesterfield"]
[Date "2023.12.19"]
[Round "4"]
[White "Dhyana, Patel"]
[Black "Takahashi, Michael John"]
[Result "0-1"]
[WhiteElo "2064"]
[BlackElo "2033"]
[PlyCount "116"]
[EventDate "2023.12.17"]
[EventType "swiss"]
[EventRounds "9"]
[EventCountry "USA"]
[SourceTitle "CB52_2023"]
[SourceDate "2023.12.27"]
[SourceVersion "1"]
[SourceVersionDate "2023.12.27"]
[SourceQuality "1"]

1. e4 e6 2. d4 d5 3. Nd2 dxe4 4. Nxe4 Nd7 5. Nf3 Ngf6 6. Bd3 Nxe4 7. Bxe4 Nf6 8. Bg5 h6 9. Bxf6 Qxf6 10. Qe2 a6 11. 0-0 Bd6 12. Bd3 c5 13. dxc5 Bxc5 14. c3 0-0 15. Qe4 Qf5 16. Qxf5 exf5 17. Rfe1 Be6 18. b4 Ba7 19. c4 Rad8 20. Rad1 Bd4 21. Nxd4 Rxd4 22. Be2 Rfd8 23. Rxd4 Rxd4 24. Rc1 Rd2 25. Bf3 Rb2 26. Bxb7 Bxc4 27. a3 a5 28. Bc8 axb4 29. axb4 Be6 30. Ba6 Rxb4 31. h3 g5 32. Rc2 Kg7 33. Be2 Kg6 34. Bf3 h5 35. Rc6 Rb1+ 36. Kh2 Rb2 37. Kg1 Rd2 38. Rb6 g4 39. hxg4 hxg4 40. Bb7 Rd1+ 41. Kh2 Rd2 42. Kg1 f4 43. Kf1 Kg5 44. Ke1 Ra2 45. Rb5+ f5 46. Rc5 Rb2 47. Bc8 Rb1+ 48. Ke2 Bxc8 49. Rxc8 Rg1 50. Rg8+ Kf6 51. Rf8+ Kg6 52. Rg8+ Kf7 53. Rg5 Kf6 54. Rg8 Rxg2 55. Rf8+ Kg6 56. Rg8+ Kf7 57. Rg5 Kf6 58. Rg8 g3 0-1

[Event "IND-ch (Women) 49th"]
[Site "Ahmedabad"]
[Date "2023.07.01"]
[Round "2"]
[White "Anushka, Bapu Kutwal"]
[Black "Dhyana, Patel"]
[Result "1-0"]
[WhiteElo "1621"]
[BlackElo "2155"]
[PlyCount "131"]
[EventDate "2023.06.30"]
[EventType "swiss"]
[EventRounds "11"]
[EventCountry "IND"]
[SourceTitle "CBM 215 Extra"]
[Source "ChessBase"]
[SourceDate "2023.09.30"]
[SourceVersion "1"]
[SourceVersionDate "2023.09.30"]
[SourceQuality "1"]

1. e4 c5 2. Nf3 Nc6 3. Bb5 g6 4. 0-0 Bg7 5. c3 Nf6 6. Re1 0-0 7. d3 Qb6 8. Ba4 d6 9. Nbd2 Qa6 10. Bc2 b5 11. Nf1 b4 12. Bd2 Rb8 13. h3 Ne8 14. Ne3 Nc7 15. a4 Be6 16. Ng5 b3 17. Bb1 Bd7 18. f4 e5 19. f5 Ne7 20. Qg4 f6 21. Nxh7 Rf7 22. Rf1 Kxh7 23. fxg6+ Nxg6 24. Qh5+ Kg8 25. Qxg6 Kf8 26. Nf5 Bxf5 27. Qxf5 Ke7 28. d4 cxd4 29. cxd4 Qb6 30. Kh1 Qxd4 31. Bc3 Qc4 32. Rd1 Ne6 33. Bd3 Qc5 34. Rac1 Nf4 35. Bd2 Nxd3 36. Rxc5 dxc5 37. Bb4 Rxb4 38. Rxd3 Rd4 39. Rxb3 Rd7 40. Qf2 Rc7 41. Rb5 c4 42. Qd2 Rf8 43. Qb4+ Kf7 44. Rb7 Rxb7 45. Qxb7+ Kg6 46. Qxa7 Rd8 47. Qg1 Bh6 48. a5 Rd2 49. Qa1 Be3 50. a6 Rd8 51. Qa4 Kg5 52. Qc2 Kg6 53. Qe2 Bd4 54. Kh2 c3 55. bxc3 Bxc3 56. Qc4 Bd2 57. h4 Be3 58. Kh3 Bf2 59. Kg4 Bb6 60. h5+ Kg7 61. Qc6 Rb8 62. a7 Bxa7 63. Qc7+ Kh6 64. Qf7 f5+ 65. Kxf5 Rb6 66. g4 1-0

[Event "Eastern Asia-ch U16 Girls"]
[Site "Tornelo INT"]
[Date "2021.10.22"]
[Round "2"]
[White "Trisha, B."]
[Black "Dhyana, Patel"]
[Result "0-1"]
[WhiteElo "1241"]
[BlackElo "1740"]
[PlyCount "58"]
[EventDate "2021.10.22"]
[EventType "swiss"]
[EventRounds "9"]
[EventCountry "NET"]
[SourceTitle "EXT 2023"]
[Source "ChessBase"]
[SourceDate "2022.10.05"]
[SourceVersion "1"]
[SourceVersionDate "2022.10.05"]
[SourceQuality "1"]

1. e4 c5 2. Nf3 Nc6 3. d4 cxd4 4. Nxd4 g6 5. Nc3 Bg7 6. Be3 Nf6 7. Bc4 0-0 8. Bb3 a6 9. f3 d6 10. Qd2 Bd7 11. g4 Qa5 12. 0-0-0 Rac8 13. h4 Ne5 14. Kb1 Qc7 15. h5 Nc4 16. Bxc4 Qxc4 17. hxg6 fxg6 18. Bh6 Rf7 19. Rh3 b5 20. Bxg7 Rxg7 21. Nde2 Be6 22. Nf4 Bd7 23. Rh2 b4 24. Ncd5 Nxd5 25. Qxd5+ Qxd5 26. Rxd5 Rf7 27. Nd3 Rxf3 28. Nxb4 Rf1+ 29. Rd1 Rxd1# 0-1

[Event "Novi Sad Put Svile IM Mix 6"]
[Site "Novi Sad"]
[Date "2021.08.12"]
[Round "8"]
[White "Aditya, Bikram Paul"]
[Black "Dhyana, Patel"]
[Result "1-0"]
[WhiteElo "2080"]
[BlackElo "1990"]
[PlyCount "103"]
[EventDate "2021.08.08"]
[EventType "swiss"]
[EventRounds "9"]
[EventCountry "SRB"]
[SourceTitle "CBM 203 Extra"]
[Source "ChessBase"]
[SourceDate "2021.09.30"]
[SourceVersion "1"]
[SourceVersionDate "2021.09.30"]
[SourceQuality "1"]

1. d4 Nf6 2. c4 g6 3. g3 c6 4. Nc3 d5 5. Qa4 Bg7 6. Bg2 0-0 7. Nf3 Bf5 8. 0-0 Nbd7 9. cxd5 Nxd5 10. Qb3 N7b6 11. Re1 Nxc3 12. bxc3 Be4 13. a4 a5 14. Ba3 Re8 15. Ne5 Bd5 16. Bxd5 cxd5 17. Reb1 Bxe5 18. Qxb6 Bc7 19. Qxb7 Qd7 20. Qb5 Qf5 21. Qd3 Qh3 22. Rb7 Rac8 23. Qb5 Bd6 24. Bxd6 exd6 25. Qxd5 Re6 26. Qf3 Rf8 27. Ra7 Kg7 28. Rxa5 Rf6 29. Qd3 Re8 30. Rf1 h5 31. f3 h4 32. g4 Rf4 33. Rf2 Rf6 34. d5 Rf4 35. Rg2 Rc8 36. Ra6 Rfc4 37. Rc6 R8xc6 38. dxc6 Rxc6 39. a5 Rc5 40. a6 Ra5 41. Qxd6 Ra1+ 42. Kf2 Ra2 43. Qd3 g5 44. a7 Kh6 45. Qd6+ Kh7 46. Qe7 Kg7 47. Qxg5+ Kh7 48. Qe7 Kg7 49. g5 Qf5 50. g6 h3 51. gxf7+ hxg2 52. f8Q+ 1-0

[Event "Novi Sad Put Svile IM Mix 6"]
[Site "Novi Sad"]
[Date "2021.08.11"]
[Round "6"]
[White "Ristic, Nenad"]
[Black "Dhyana, Patel"]
[Result "1-0"]
[WhiteElo "2342"]
[BlackElo "1990"]
[PlyCount "87"]
[EventDate "2021.08.08"]
[EventType "swiss"]
[EventRounds "9"]
[EventCountry "SRB"]
[SourceTitle "CBM 203 Extra"]
[Source "ChessBase"]
[SourceDate "2021.09.30"]
[SourceVersion "1"]
[SourceVersionDate "2021.09.30"]
[SourceQuality "1"]

1. e4 c5 2. Nf3 Nc6 3. Bb5 g6 4. Bxc6 bxc6 5. 0-0 Bg7 6. Re1 Nh6 7. c3 0-0 8. d4 cxd4 9. cxd4 d5 10. e5 Bg4 11. Nbd2 Qb6 12. h3 Bxf3 13. Nxf3 f6 14. exf6 exf6 15. Bxh6 Bxh6 16. Qc2 Rfe8 17. b3 Kf7 18. h4 Bf8 19. h5 Bb4 20. Re3 Rxe3 21. fxe3 Re8 22. Rf1 Kg7 23. Qf2 Bd6 24. Ng5 Qd8 25. h6+ Kg8 26. Qxf6 Qxf6 27. Rxf6 Bf8 28. Kf2 Bxh6 29. Ne6 Re7 30. g4 Rf7 31. Rxf7 Kxf7 32. Nd8+ Ke7 33. Nxc6+ Kd7 34. Nxa7 Bf8 35. Nb5 h5 36. Nc3 Kc6 37. Kf3 hxg4+ 38. Kxg4 Bb4 39. Ne2 Be7 40. Nf4 Kb5 41. Nd3 g5 42. Kf5 Bd8 43. a4+ Ka5 44. Ne5 1-0

[Event "Novi Sad Put Svile IM Mix 6"]
[Site "Novi Sad"]
[Date "2021.08.08"]
[Round "1"]
[White "Naumkin, Igor"]
[Black "Dhyana, Patel"]
[Result "0-1"]
[WhiteElo "2259"]
[BlackElo "1990"]
[PlyCount "84"]
[EventDate "2021.08.08"]
[EventType "swiss"]
[EventRounds "9"]
[EventCountry "SRB"]
[SourceTitle "CBM 203 Extra"]
[Source "ChessBase"]
[SourceDate "2021.09.30"]
[SourceVersion "1"]
[SourceVersionDate "2021.09.30"]
[SourceQuality "1"]

1. d4 Nf6 2. c4 g6 3. Nc3 d5 4. Nf3 Bg7 5. cxd5 Nxd5 6. Bd2 Nc6 7. e4 Nb6 8. Be3 Bg4 9. d5 Ne5 10. Be2 Bxf3 11. gxf3 0-0 12. Bd4 Qd6 13. f4 Ned7 14. Bxg7 Kxg7 15. Qd4+ f6 16. f5 Qf4 17. fxg6 hxg6 18. Qd2 Qh4 19. 0-0-0 Ne5 20. Qe3 Nec4 21. Bxc4 Nxc4 22. Qg3 Qh6+ 23. Kb1 Rac8 24. h4 Kf7 25. f4 c6 26. dxc6 Rxc6 27. f5 gxf5 28. exf5 Rg8 29. Qd3 Nb6 30. h5 Rg2 31. Rhe1 Qf8 32. Ka1 Rd6 33. Qf1 Rdd2 34. Rxd2 Rxd2 35. Rd1 Qd8 36. a3 Rxd1+ 37. Nxd1 Qd2 38. Nc3 Qg5 39. Qh3 Nc4 40. Qd3 Qc1+ 41. Qb1 Qxb1+ 42. Kxb1 Nd6 0-1

[Event "Novi Sad Put Svile IM 5th"]
[Site "Novi Sad"]
[Date "2021.08.05"]
[Round "7"]
[White "Dhyana, Patel"]
[Black "Anand, Batsukh"]
[Result "0-1"]
[WhiteElo "1990"]
[BlackElo "2129"]
[PlyCount "58"]
[EventDate "2021.08.01"]
[EventType "tourn"]
[EventRounds "9"]
[EventCountry "SRB"]
[SourceTitle "CBM 203 Extra"]
[Source "ChessBase"]
[SourceDate "2021.09.30"]
[SourceVersion "1"]
[SourceVersionDate "2021.09.30"]
[SourceQuality "1"]

1. e4 c5 2. Nf3 e6 3. d4 cxd4 4. Nxd4 Nc6 5. Nc3 a6 6. Be3 Nf6 7. f3 Bb4 8. Qd2 d5 9. Nxc6 bxc6 10. a3 Be7 11. exd5 cxd5 12. Bd4 Rb8 13. b4 0-0 14. Be5 Bd6 15. Bxd6 Qxd6 16. Be2 Bd7 17. Rb1 d4 18. Ne4 Nxe4 19. fxe4 f5 20. exf5 Rxf5 21. Bf3 Bb5 22. Kd1 Rc8 23. Be4 Rf4 24. Bd3 Ba4 25. Re1 e5 26. Qe2 Rxc2 27. Bxc2 d3 28. Bxa4 dxe2+ 29. Kxe2 Qd4 0-1

[Event "Novi Sad Put Svile IM 5th"]
[Site "Novi Sad"]
[Date "2021.08.02"]
[Round "2"]
[White "Laketic, Gojko"]
[Black "Dhyana, Patel"]
[Result "0-1"]
[WhiteElo "2307"]
[BlackElo "1990"]
[PlyCount "56"]
[EventDate "2021.08.01"]
[EventType "tourn"]
[EventRounds "9"]
[EventCountry "SRB"]
[SourceTitle "CBM 203 Extra"]
[Source "ChessBase"]
[SourceDate "2021.09.30"]
[SourceVersion "1"]
[SourceVersionDate "2021.09.30"]
[SourceQuality "1"]

1. e4 c5 2. Nf3 Nc6 3. Bb5 g6 4. 0-0 Bg7 5. c3 Nf6 6. d4 cxd4 7. cxd4 d5 8. e5 Ne4 9. Nc3 0-0 10. Re1 Nxc3 11. bxc3 Qa5 12. Qb3 Bg4 13. Nd2 Rac8 14. Ba3 Nxd4 15. cxd4 Qxd2 16. Bxe7 Rc2 17. Qg3 Qxd4 18. Bxf8 Bxf8 19. e6 Bxe6 20. Bd3 Rc3 21. Rad1 Qb4 22. Qe5 Bd6 23. Qe2 Rc7 24. Rb1 Qf4 25. g3 Qf6 26. Rec1 Bc5 27. Kg2 b6 28. Qf3 Bh3+ 0-1

[Event "Vojvodina op 11th"]
[Site "Novi Sad"]
[Date "2021.07.25"]
[Round "2"]
[White "Andrijevic, Milan"]
[Black "Dhyana, Patel"]
[Result "1/2-1/2"]
[WhiteElo "2207"]
[BlackElo "1947"]
[PlyCount "34"]
[EventDate "2021.07.25"]
[EventType "swiss"]
[EventRounds "9"]
[EventCountry "SRB"]
[SourceTitle "CBM 203 Extra"]
[Source "ChessBase"]
[SourceDate "2021.09.30"]
[SourceVersion "1"]
[SourceVersionDate "2021.09.30"]
[SourceQuality "1"]

1. e4 c5 2. Nf3 Nc6 3. d4 cxd4 4. Nxd4 g6 5. Nc3 Bg7 6. Be3 Nf6 7. Nb3 0-0 8. Be2 d6 9. 0-0 Be6 10. f4 Rc8 11. f5 Bd7 12. Kh1 Ne5 13. Bd3 Bc6 14. Qe1 d5 15. Bf4 dxe4 16. Bxe5 exd3 17. Rd1 Qb6 1/2-1/2

[Event "Novi Sad TS07 Mix"]
[Site "Novi Sad"]
[Date "2021.07.23"]
[Round "6"]
[White "Dhyana, Patel"]
[Black "Dushyant, Sharma"]
[Result "1-0"]
[WhiteElo "1947"]
[BlackElo "2270"]
[PlyCount "49"]
[EventDate "2021.07.18"]
[EventType "swiss"]
[EventRounds "9"]
[EventCountry "SRB"]
[SourceTitle "CBM 203 Extra"]
[Source "ChessBase"]
[SourceDate "2021.09.30"]
[SourceVersion "1"]
[SourceVersionDate "2021.09.30"]
[SourceQuality "1"]

1. e4 c5 2. Nf3 Nc6 3. Bb5 g6 4. Bxc6 bxc6 5. 0-0 Bg7 6. Re1 Nh6 7. h3 0-0 8. Nc3 d6 9. e5 dxe5 10. Nxe5 Qc7 11. d3 Bxe5 12. Bxh6 Re8 13. Qf3 Rb8 14. Rxe5 Qxe5 15. Bf4 Qd4 16. Bxb8 Qb4 17. Qxc6 Kf8 18. Be5 Qxb2 19. Re1 Qxc2 20. Nd5 Be6 21. Nc7 Rd8 22. Nxe6+ fxe6 23. Qxe6 Qxd3 24. Bf4 Ke8 25. Qxe7# 1-0

[Event "Speed Chess (Women) Q1"]
[Site "Chess.com INT"]
[Date "2021.05.28"]
[Round "7"]
[White "Dhyana, Patel"]
[Black "Nandhidhaa, PV."]
[Result "0-1"]
[WhiteElo "1947"]
[BlackElo "2365"]
[PlyCount "130"]
[EventDate "2021.05.28"]
[EventType "swiss (blitz)"]
[EventRounds "9"]
[EventCountry "USA"]
[SourceTitle "CBM 202 Extra"]
[Source "ChessBase"]
[SourceDate "2021.07.31"]
[SourceVersion "1"]
[SourceVersionDate "2021.07.31"]
[SourceQuality "1"]

1. e4 c5 2. Nf3 Nc6 3. Bb5 e5 4. 0-0 Bd6 5. d3 Nf6 6. Bg5 h6 7. Bxf6 Qxf6 8. Nc3 a6 9. Nd5 Qd8 10. Bc4 Be7 11. a4 d6 12. c3 Bg4 13. Ne3 Be6 14. Bxe6 fxe6 15. Qb3 Qd7 16. Nc4 Qd8 17. Qxb7 Qc8 18. Qxc8+ Rxc8 19. Rfd1 Rb8 20. Rab1 Kd7 21. h3 Bf6 22. Kf1 Rb7 23. Ke2 Rhb8 24. Rd2 Rb3 25. Rc2 d5 26. Ncd2 R3b7 27. h4 Kd6 28. g4 g5 29. hxg5 hxg5 30. b3 Ne7 31. c4 Ng6 32. exd5 Nf4+ 33. Ke3 exd5 34. cxd5 Kxd5 35. Ne4 Be7 36. Nfxg5 Rxb3 37. Rxb3 Rxb3 38. Rd2 c4 39. Nf3 cxd3 40. Ne1 Bd8 41. Nxd3 Bb6+ 42. Kf3 Rxd3+ 43. Rxd3+ Nxd3 44. Nf6+ Ke6 45. g5 Nf4 46. Kg4 Bxf2 47. Ne4 Bd4 48. a5 Kd5 49. Nf6+ Kc6 50. Kf5 Kb5 51. g6 Nxg6 52. Kxg6 Kxa5 53. Kf5 Kb4 54. Ke4 a5 55. Nd5+ Kb3 56. Kd3 a4 57. Nf6 a3 58. Ne4 a2 59. Nd2+ Kb2 60. Nc4+ Kb3 61. Nd2+ Ka4 62. Ke4 a1Q 63. Nf3 Qb1+ 64. Kd5 Qb7+ 65. Ke6 Qxf3 0-1

[Event "Speed Chess (Women) Q1"]
[Site "Chess.com INT"]
[Date "2021.05.28"]
[Round "5"]
[White "Dhyana, Patel"]
[Black "Zaksaite, Salomeja"]
[Result "1-0"]
[WhiteElo "1947"]
[BlackElo "2202"]
[PlyCount "47"]
[EventDate "2021.05.28"]
[EventType "swiss (blitz)"]
[EventRounds "9"]
[EventCountry "USA"]
[SourceTitle "CBM 202 Extra"]
[Source "ChessBase"]
[SourceDate "2021.07.31"]
[SourceVersion "1"]
[SourceVersionDate "2021.07.31"]
[SourceQuality "1"]

1. e4 c5 2. Nf3 e6 3. d4 cxd4 4. Nxd4 Nf6 5. Nc3 Nc6 6. Be2 Bb4 7. 0-0 Bxc3 8. bxc3 Nxe4 9. Nxc6 bxc6 10. Qd4 Nf6 11. Ba3 Qb6 12. Qe5 d5 13. Rab1 Qd8 14. c4 Nd7 15. Qxg7 Qf6 16. Qg3 Ba6 17. Qc7 Rc8 18. Qxa7 Bxc4 19. Bxc4 dxc4 20. Rfd1 Rd8 21. Qc7 Qe5 22. Qxc6 Rg8 23. Rb7 Qe2 24. Rbxd7 1-0

[Event "Speed Chess (Women) Q1"]
[Site "Chess.com INT"]
[Date "2021.05.28"]
[Round "9"]
[White "Dworakowska, Joanna"]
[Black "Dhyana, Patel"]
[Result "0-1"]
[WhiteElo "2322"]
[BlackElo "1947"]
[PlyCount "72"]
[EventDate "2021.05.28"]
[EventType "swiss (blitz)"]
[EventRounds "9"]
[EventCountry "USA"]
[SourceTitle "CBM 202 Extra"]
[Source "ChessBase"]
[SourceDate "2021.07.31"]
[SourceVersion "1"]
[SourceVersionDate "2021.07.31"]
[SourceQuality "1"]

1. e4 c5 2. Nf3 Nc6 3. d4 cxd4 4. Nxd4 g6 5. c4 Bg7 6. Nc2 d6 7. Be2 Nf6 8. Nc3 0-0 9. 0-0 Be6 10. Be3 Nd7 11. Rc1 Bxc3 12. bxc3 Qa5 13. Nd4 Nc5 14. Qc2 Qa4 15. Qxa4 Nxa4 16. Nb3 Kg7 17. f4 b6 18. f5 Bd7 19. Rfd1 Ne5 20. Bf4 f6 21. Bxe5 fxe5 22. g4 Bc6 23. Nd2 Nc5 24. Bf3 h5 25. h3 Rh8 26. gxh5 gxf5 27. exf5 Bxf3 28. Nxf3 Rxh5 29. Kf2 Kf6 30. Ke3 Rxh3 31. Rh1 Rah8 32. Rxh3 Rxh3 33. Ke2 Ne4 34. a4 Kxf5 35. a5 bxa5 36. Rf1 Ng3+ 0-1

[Event "Innsbruck op 3rd"]
[Site "Innsbruck"]
[Date "2019.08.27"]
[Round "4"]
[White "Dhyana, Patel"]
[Black "Titz, Johannes"]
[Result "1-0"]
[WhiteElo "1814"]
[BlackElo "2026"]
[PlyCount "97"]
[EventDate "2019.08.25"]
[EventType "swiss"]
[EventRounds "9"]
[EventCountry "AUT"]
[SourceTitle "EXT 2020"]
[Source "ChessBase"]
[SourceDate "2019.10.17"]
[SourceVersion "1"]
[SourceVersionDate "2019.10.17"]
[SourceQuality "1"]

1. e4 c5 2. Nf3 e6 3. d4 cxd4 4. Nxd4 Nc6 5. Nc3 Qc7 6. Be3 Nf6 7. Qd2 a6 8. f3 b5 9. 0-0-0 Bb7 10. Kb1 Rc8 11. g4 h6 12. h4 Ne5 13. Rg1 d6 14. g5 hxg5 15. hxg5 Nfd7 16. g6 Nf6 17. gxf7+ Kxf7 18. f4 b4 19. fxe5 bxc3 20. exd6 cxd2 21. dxc7 Rxc7 22. e5 Ne4 23. Bd3 Nc5 24. Rgf1+ Ke7 25. Bg5+ Kd7 26. Bc4 Bd5 27. Bxd5 exd5 28. Bxd2 Ne6 29. Ba5 Rc4 30. c3 Nxd4 31. cxd4 Be7 32. b3 Rc6 33. Rf7 g5 34. Bb4 Re8 35. Rg7 a5 36. Bxa5 Re6 37. Bb4 Kc6 38. Bxe7 R8xe7 39. Rxg5 Kb6 40. Rc1 Rf7 41. Rg8 Rf4 42. Rb8+ Ka7 43. Rb4 Rg6 44. Rc5 Ka6 45. Rxd5 Rg1+ 46. Kb2 Rf2+ 47. Ka3 Rgg2 48. Ra4+ Kb6 49. Kb4 1-0

[Event "Innsbruck op 3rd"]
[Site "Innsbruck"]
[Date "2019.08.25"]
[Round "1"]
[White "Kather, Yannick"]
[Black "Dhyana, Patel"]
[Result "1/2-1/2"]
[WhiteElo "2135"]
[BlackElo "1814"]
[PlyCount "63"]
[EventDate "2019.08.25"]
[EventType "swiss"]
[EventRounds "9"]
[EventCountry "AUT"]
[SourceTitle "EXT 2020"]
[Source "ChessBase"]
[SourceDate "2019.10.17"]
[SourceVersion "1"]
[SourceVersionDate "2019.10.17"]
[SourceQuality "1"]

1. e4 c5 2. c3 d5 3. exd5 Qxd5 4. d4 Nc6 5. Nf3 Bf5 6. Be3 cxd4 7. Nxd4 e6 8. Nxf5 Qxf5 9. Bd3 Qd5 10. 0-0 0-0-0 11. Be2 Qxd1 12. Bxd1 Nge7 13. Ba4 Kc7 14. Na3 Nd5 15. Nb5+ Kb8 16. Nd4 Nxd4 17. Bxd4 f6 18. Rad1 Bd6 19. g3 Bc7 20. Bb3 b6 21. Rfe1 Rhe8 22. Ba4 Re7 23. Bc6 Kc8 24. a3 Rd6 25. Ba8 Red7 26. Rd2 e5 27. Be3 Nxe3 28. Rxd6 Rxd6 29. Rxe3 Rd2 30. b4 f5 31. c4 e4 32. Kf1 1/2-1/2